Ч. 1; Электромеханические исполнительные органы систем ориентации космических аппаратов

Bibliografiske detaljer
Parent link:Электромеханические исполнительные органы систем ориентации космических аппаратов: учебное пособие/ В. С. Дмитриев, Т. Г. Костюченко, Г. Н. Гладышев; Национальный исследовательский Томский политехнический университет (ТПУ), Институт неразрушающего контроля (ИНК), Кафедра точного приборостроения (ТПС). Ч. 1.— , 2013
Summary:Заглавие с титульного экрана
Режим доступа: из корпоративной сети ТПУ
Sprog:russisk
Udgivet: 2013
Fag:
Online adgang:http://www.lib.tpu.ru/fulltext2/m/2013/m376.pdf
Format: Electronisk Bog
KOHA link:https://koha.lib.tpu.ru/cgi-bin/koha/opac-detail.pl?biblionumber=247289

MARC

LEADER 00000nlm2a2200000 4500
001 247289
005 20231101232303.0
035 |a (RuTPU)RU\TPU\book\268773 
090 |a 247289 
100 |a 20131220d2013 m y0rusy50 ca 
101 0 |a rus 
102 |a RU 
105 |a a j 001zy 
135 |a drcn ---uucaa 
181 0 |a i  
182 0 |a b 
200 0 |a Ч. 1  |b Электронный ресурс 
203 |a Текст  |c электронный 
210 |d 2013 
230 |a 1 компьютерный файл (pdf; 4.0 MB) 
300 |a Заглавие с титульного экрана 
333 |a Режим доступа: из корпоративной сети ТПУ 
337 |a Adobe Reader 
461 1 |0 (RuTPU)RU\TPU\book\268772  |t Электромеханические исполнительные органы систем ориентации космических аппаратов  |o учебное пособие  |f В. С. Дмитриев, Т. Г. Костюченко, Г. Н. Гладышев  |g Национальный исследовательский Томский политехнический университет (ТПУ), Институт неразрушающего контроля (ИНК), Кафедра точного приборостроения (ТПС)  |v Ч. 1  |d 2013 
606 1 |a Космические летательные аппараты  |x Ориентация  |2 stltpush  |3 (RuTPU)RU\TPU\subj\15837  |9 42044 
610 1 |a электронный ресурс 
610 1 |a учебные пособия 
610 1 |a труды учёных ТПУ 
610 1 |a космические аппараты 
610 1 |a исполнительные органы 
610 1 |a системы ориентации 
610 1 |a разработки 
610 1 |a космонавтика 
610 1 |a орбиты 
675 |a 629.782.05(075.8)  |v 3 
801 1 |a RU  |b 63413507  |c 20131220 
801 2 |a RU  |b 63413507  |c 20140714  |g RCR 
856 4 |u http://www.lib.tpu.ru/fulltext2/m/2013/m376.pdf 
900 |a Электромеханика 
900 |a Электромеханические измерительные и исполнительные устройства 
942 |c CF 
951 |b 200100